Imatge i realitat : preguntes i respostes sobre les Nacions Unides : com treballen i qui les finança / traduït al català i revisat per l'Associació per a les Nacions Unides a Espanya preguntes i respostes sobre les Nacions Unides :
Descripción Física:
72 p. ; 21 cm
Materias:
Nacions Unides
MARC
| LEADER | 00000nam a2200000Ia 4500 | ||
|---|---|---|---|
| 001 | 11205 | ||
| 003 | BGR | ||
| 005 | 20260324175305.0 | ||
| 008 | 160829s1996 xx 000 0 cat d | ||
| 080 | |a M-3-286 | ||
| 110 | 2 | |a Nacions Unides |9 53449 | |
| 245 | |a Imatge i realitat : |b preguntes i respostes sobre les Nacions Unides : |b com treballen i qui les finança / traduït al català i revisat per l'Associació per a les Nacions Unides a Espanya | ||
| 260 | |a Barcelona : |b ANUE, |c 1996 | ||
| 300 | |a 72 p. ; |c 21 cm | ||
| 590 | |a Amb el suport de la Diputació de Barcelona.vbcrlfAbans el títol: Imatge i realitat. | ||
| 650 | |a Nacions Unides | ||
| 710 | 1 | |a Barcelona (Catalunya : Província). |b Diputació |9 52408 | |
| 710 | 1 | |a Associació per a les Nacions Unides a Espanya |9 70449 | |
| 901 | |a Arxiu | ||
| 942 | |n 1 |2 udc |c MON | ||
| 952 | |0 0 |1 0 |4 0 |6 M3286 |7 1 |9 43478 |a Arxiu |b Arxiu |d 2016-12-01 |l 0 |o M-3-286 |p 11205 |r 2016-12-01 00:00:00 |w 2016-12-01 |y ARXIU | ||
| 999 | |c 46024 |d 46024 | ||